| 000 | 00699nam a2200217 4500 | ||
|---|---|---|---|
| 001 | 132663 | ||
| 003 | ES-MaACL | ||
| 005 | 20230906194225.0 | ||
| 007 | t| | ||
| 008 | 070214s1953 sp r ||||1| spa d | ||
| 100 | 1 |
_aRoot, Howard F. _999532 |
|
| 245 | 1 | 0 |
_aDiabetes mellitus / _cHoward F. Root y Priscilla White ; versión española por D. Luis Martín Sanz. |
| 260 |
_aMadrid : _bCastilla, _c1953. |
||
| 300 |
_aX, 367 p. ; _c21 cm. |
||
| 490 | 1 | _aManuales para el médico general | |
| 700 | 1 |
_aWhite, Priscilla. _9116683 |
|
| 700 | 1 |
_aMartín Sanz, Luis. _977656 |
|
| 830 | 0 |
_aManuales para el médico general _9186904 |
|
| 852 |
_aES-MaACL _jC-16014 _bR.44048 |
||
| 999 |
_c132663 _d132663 |
||